Dynamic heterogeneous catalysis /

Guardado en:
Autor Principal: Tamaru, Kenji, 1923-
Formato: Libro
Idioma:English
Publicado: London : Academic Press, 1978.
Materias:
Etiquetas: Agregar Etiqueta
Sin Etiquetas, Sea el primero en etiquetar este registro!
LEADER 00720nam a22002055a 4500
001 EIQ.libpla000810
008 060531s1978####enka#####b####001#0#eng#d
005 20060531180439.0
245 1 0 |a Dynamic heterogeneous catalysis /  |c K Tamaru. 
260 |a London :  |b Academic Press,  |c 1978. 
300 |a xiii, 140 p. :  |b il. ;  |c 24 cm. 
500 |a Incluye referencias bibliográficas e índice. 
020 |a 0126841500 
100 1 |a Tamaru, Kenji,  |d 1923- 
650 4 |a Catálisis  |x Reacciones químicas. 
650 4 |a Catálisis heterogénea  |x Dinámica. 
650 4 |a Catalysis  |x Chemical reactions. 
650 4 |a Heterogeneous Catalysis  |x Dynamic. 
040 |a AR-BbSID  |b spa  |c AR-BbSID 
859 |a AR-BbSID  |b BIB. PLAPIQUI  |h 541.395  |i T 15  |p 538